000 01326nam a2200325 i 4500
003 DO-SdBNP
005 20241021100446.0
007 ta
008 241021s1936 mx 000 0 spa d
040 _aDO-SdBNP
_bspa
_cBNPHU
_erda
082 _a000
_bF656
_222
100 _4aut.
_aFoglio Miramontes, Fernando
_94532
_eautor
245 1 0 _aGeografía Económico Agrícola del Estado de Michoacán /
_cFernando Foglio Miramontes : prólogo Mario Sousa
250 _a1a. edición
264 1 _aMéxico :
_bImprenta de la Cámara de Diputados,
_c1936.
300 _aTomos
_c34 cm.
336 _atexto
_btxt
_2rdacontent
337 _asin mediación
_bn
_2rdamedia
338 _avolumen
_bnc
_2rdacarrier
500 _aLa biblioteca posee el tomo I.
504 _aIncluye referencias bibliográficas.
505 _gTomo I --
_tDescripción Geográfica y Síntesis Histórica --
_gTomo II --
_tGanadería --
_gTomo III --
_tPropiedad Agrícola /
590 _aInventariado, 2024/ YL
650 4 _aGeografía histórica
_986733
_zMichoacán de Ocampo
650 4 _aGeografía agrícola
_986734
_vEstadísticas
_zMichoacán de Ocampo
700 1 _4prol.
_aSousa, Mario
_eprólogo
_986738
710 1 _aSecretaria de Agricultura y Fomento
_bDirección de Economía Rural
_986739
910 _aYLockward
942 _2ddc
_cLBS1
999 _c57923
_d57923